<?xml version="1.0" encoding="UTF-8"?><?xml-stylesheet type="text/xsl" href="static/style.xsl"?><OAI-PMH xmlns="http://www.openarchives.org/OAI/2.0/" xmlns:xsi="http://www.w3.org/2001/XMLSchema-instance" xsi:schemaLocation="http://www.openarchives.org/OAI/2.0/ http://www.openarchives.org/OAI/2.0/OAI-PMH.xsd"><responseDate>2026-04-28T19:32:19Z</responseDate><request verb="GetRecord" identifier="oai:uvadoc.uva.es:10324/55831" metadataPrefix="marc">https://uvadoc.uva.es/oai/request</request><GetRecord><record><header><identifier>oai:uvadoc.uva.es:10324/55831</identifier><datestamp>2022-10-05T19:03:27Z</datestamp><setSpec>com_10324_38</setSpec><setSpec>col_10324_852</setSpec></header><metadata><record xmlns="http://www.loc.gov/MARC21/slim" xmlns:doc="http://www.lyncode.com/xoai" xmlns:xsi="http://www.w3.org/2001/XMLSchema-instance" xmlns:dcterms="http://purl.org/dc/terms/" xsi:schemaLocation="http://www.loc.gov/MARC21/slim http://www.loc.gov/standards/marcxml/schema/MARC21slim.xsd">
<leader>00925njm 22002777a 4500</leader>
<datafield tag="042" ind1=" " ind2=" ">
<subfield code="a">dc</subfield>
</datafield>
<datafield tag="720" ind1=" " ind2=" ">
<subfield code="a">Andrés Rodrigo, María Teresa</subfield>
<subfield code="e">author</subfield>
</datafield>
<datafield tag="260" ind1=" " ind2=" ">
<subfield code="c">2022</subfield>
</datafield>
<datafield tag="520" ind1=" " ind2=" ">
<subfield code="a">El auge de las tecnologías de la información y comunicación ha dado lugar a nuevas formas de desempeño del trabajo que han transformado las relaciones laborales.&#xd;
Así, el teletrabajo se ha transformado en una forma de prestación de servicios que ha revolucionado el panorama laboral, debido a que no es necesaria la presencia de la persona trabajadora en el centro de trabajo.&#xd;
A las ventajas que tiene esta modalidad de trabajo hay que añadirle también algunos inconvenientes tanto para la persona trabajadora como para la organización y la sociedad.&#xd;
No obstante, se ha consolidado como una alternativa que incluye una amplio abanico de modalidades, pero también nuevos riesgos, principalmente de carácter psicosocial, para la salud y la seguridad de las personas trabajadoras y es, en estos riesgos, donde radica la necesidad de identificarlos y evaluarlos con el fin de lograr minimizar o eliminar sus efectos.</subfield>
</datafield>
<datafield tag="024" ind2=" " ind1="8">
<subfield code="a">https://uvadoc.uva.es/handle/10324/55831</subfield>
</datafield>
<datafield tag="245" ind1="0" ind2="0">
<subfield code="a">Efectos psicosociales del teletrabajo</subfield>
</datafield>
</record></metadata></record></GetRecord></OAI-PMH>